FRCS general surgery 500 SBAs and EMIs

Guardat en:
Dades bibliogràfiques
Autor principal: WILSON, Alasdair Craig, Wendy Stevenson, Lynn
Format: Llibre
Idioma:anglès
Publicat: JP Medical 2013
Etiquetes: Afegir etiqueta
Sense etiquetes, Sigues el primer a etiquetar aquest registre!

MARC

LEADER 00000nam a22000007a 4500
008 230710b |||||||| |||| 00| 0 eng d
020 |a 9781907816383 
100 |a WILSON, Alasdair  |a Craig, Wendy  |a Stevenson, Lynn 
245 |a FRCS general surgery  |b 500 SBAs and EMIs  |c  Alasdair Wilson, Wendy Craig, Lynn Stevenson  |g  xv, 303 p : ill 
260 |b JP Medical  |c 2013  |h London  |i 700355  |i 700356  |l RD37.2.W69  |m Royal College of Surgeons of England- Examinations- Study guides  |m Surgery-Great Britain- Examinations, questions, etc  
500 |a Includes bibliographical references and index. 
942 |a lcc  |c BK  |e Johnson  |f 10/07/23 
952 |0 0  |1 0  |2 lcc  |4 0  |6 RD00372 W69  |7 0  |9 4280  |a HE  |b HOL  |c QZ  |d 2023-07-10  |l 0  |o RD37.2.W69  |p 2023-0207  |r 2023-07-10 00:00:00  |t 700355  |w 2023-07-10  |y BK 
952 |0 0  |1 0  |2 lcc  |4 0  |6 RD00372 W69  |7 0  |9 4281  |a HOL  |b HOL  |c QZ  |d 2023-07-10  |l 0  |o RD37.2.W69  |p 2023-0208  |r 2023-07-10 00:00:00  |t 700356  |w 2023-07-10  |y BK 
999 |c 2150  |d 2150